00330nam a22001217a 4500020001800000082001600018100001900034245004700053260004800100300002300148500002000171650001700191 a9788190738675 a621.381 SHA aSharma, Sanjay aDigital electronics (Digital logic design) aNew Delhi, IndiabS.K. Kataria & Sonsc2010 axv, 638 p.bill. ; aIncludes index. aLogic Design